Konjunkturní situace na světovém trhu strojírenských výrobků 4

Salvato in:
Dettagli Bibliografici
Altri autori: Levora, Josef
Natura: Libro
Lingua:ceco
Pubblicazione: Praha Výzkumný ústav vnějších ekonomických vztahů 1992
Serie:Aktuality ke Konjunkturnímu bulletinu
Soggetti:
Tags: Aggiungi Tag
Nessun Tag, puoi essere il primo ad aggiungerne!!

MARC

LEADER 00000nam a2200000 4500
001 c003916
005 20250526072552.7
041 0 |a cze 
044 |a CZ 
245 1 0 |a Konjunkturní situace na světovém trhu strojírenských výrobků 4  |c Josef Levora 
264 1 |a Praha  |b Výzkumný ústav vnějších ekonomických vztahů  |c 1992 
300 |a 46 s. 
490 1 |a Aktuality ke Konjunkturnímu bulletinu 
830 0 |a Aktuality ke Konjunkturnímu bulletinu 
610 2 0 |a konjunktúra 
610 2 0 |a trh svetový 
610 2 0 |a výrobky strojárske 
610 2 0 |a konverzia priemyslu 
610 2 0 |a ČSFR 
610 2 0 |a priemysel zbrojársky 
610 2 0 |a vývoz 
610 2 0 |a dovoz 
610 2 0 |a lietadlá 
610 2 0 |a laser 
700 1 |a Levora, Josef